[Event "26th WSCC 2016 Open 65+"]
[Site "Marianske Lazne, Czech Republic - Hotel Cristal and Continental"]
[Date "2016.11.27"]
[Round "8.70"]
[White "Kock, Hans-Uwe"]
[Black "Prachar, Josef"]
[Result "1/2-1/2"]
[WhiteElo "2037"]
[BlackElo "1918"]
[PlyCount "72"]
[EventDate "2016.11.19"]

1. d4 g6 2. c4 Bg7 3. Nf3 d6 4. Nc3 e5 5. dxe5 dxe5 6. Qxd8+ Kxd8 7. e4 c6 8.
Be3 Nd7 9. O-O-O Kc7 10. Be2 f6 11. Ne1 Bh6 12. Nc2 Bxe3+ 13. Nxe3 Ne7 14. Rd2
Nc5 15. b4 Ne6 16. Nc2 Rd8 17. Rhd1 Rxd2 18. Rxd2 a5 19. a3 axb4 20. axb4 Nd8
21. Kb2 Bd7 22. g3 Nc8 23. f4 Be6 24. Ne3 Nb6 25. Kb3 Bg8 26. Ra2 Rxa2 27. Kxa2
exf4 28. gxf4 Ne6 29. f5 Nf4 30. fxg6 Nxe2 31. Nxe2 hxg6 32. Kb3 Nxc4 33. Nxc4
b5 34. Nf4 Bxc4+ 35. Kc3 Bf7 36. Kd4 Kd6 1/2-1/2

[Event "26th WSCC 2016 Open 65+"]
[Site "Marianske Lazne, Czech Republic - Hotel Cristal and Continental"]
[Date "2016.11.27"]
[Round "8.71"]
[White "Hastik, Svatopluk"]
[Black "Hocevar, Nikola"]
[Result "1/2-1/2"]
[WhiteElo "2023"]
[BlackElo "1910"]
[PlyCount "89"]
[EventDate "2016.11.19"]

1. d4 d5 2. Bg5 c5 3. Nc3 Nc6 4. e3 cxd4 5. exd4 a6 6. Nf3 h6 7. Be3 Bf5 8. a3
e6 9. Bd3 Bxd3 10. Qxd3 Bd6 11. O-O Qf6 12. Na4 Nge7 13. Rfe1 O-O 14. b4 Qg6
15. Qd2 Rac8 16. Nb6 Rcd8 17. c3 Nc8 18. Na4 b5 19. Nb2 Nb6 20. Rac1 Nc4 21.
Nxc4 dxc4 22. Bf4 Be7 23. Ne5 Nxe5 24. Rxe5 Bd6 25. Re2 Bxf4 26. Qxf4 Rd5 27.
Rce1 Rfd8 28. Qe4 Qxe4 29. Rxe4 Kf8 30. f4 g6 31. g4 h5 32. h3 hxg4 33. hxg4 g5
34. Kg2 gxf4 35. Kf3 Kg7 36. Kxf4 Rh8 37. Re5 Rd6 38. a4 Rb6 39. a5 Rd6 40. Kg3
Kf6 41. g5+ Kg6 42. Rf1 Rh5 43. Rf6+ Kg7 44. Rf1 Kg6 45. Rf6+ 1/2-1/2

[Event "26th WSCC 2016 Open 65+"]
[Site "Marianske Lazne, Czech Republic - Hotel Cristal and Continental"]
[Date "2016.11.27"]
[Round "8.72"]
[White "Gromark, Per-Olof"]
[Black "Marcovici, Adrian"]
[Result "1/2-1/2"]
[WhiteElo "2015"]
[BlackElo "1906"]
[PlyCount "143"]
[EventDate "2016.11.19"]

1. Nf3 d5 2. c4 e6 3. g3 Nf6 4. Bg2 Be7 5. O-O O-O 6. b3 c5 7. Bb2 Nc6 8. e3
Bd7 9. Qe2 Rc8 10. Nc3 Re8 11. Rfd1 d4 12. exd4 cxd4 13. Nb5 e5 14. d3 a6 15.
Na3 Bd6 16. Nc2 h6 17. Qd2 Bf5 18. Re1 Qd7 19. b4 b6 20. a4 a5 21. Ba3 e4 22.
Nh4 Bh7 23. b5 Ne5 24. dxe4 Nxc4 25. Qxd4 Nxa3 26. Nxa3 Bxa3 27. Qxd7 Nxd7 28.
Rxa3 g5 29. Bh3 Rc7 30. Nf5 Bxf5 31. Bxf5 Nc5 32. f3 Rd8 33. Ra2 Rd4 34. Rc1
Re7 35. Rc3 Re8 36. Kf2 Red8 37. Ke2 Rxa4 38. Rxa4 Nxa4 39. Rc6 Kg7 40. f4 Rd4
41. fxg5 hxg5 42. Ke3 Rb4 43. Rc7 Kf6 44. Bd7 Nc5 45. Bc6 Rb3+ 46. Kf2 Rb2+ 47.
Kg1 a4 48. Bd5 Rxb5 49. Rxf7+ Kg6 50. Ra7 Ra5 51. Rxa5 bxa5 52. Kf2 Kf6 53. Ke3
Ke5 54. h4 gxh4 55. gxh4 a3 56. h5 Nxe4 57. h6 Nf6 58. Ba2 Ng4+ 59. Kd3 Nxh6
60. Kc3 Kd6 61. Kb3 Kc5 62. Kxa3 Nf5 63. Ka4 Kb6 64. Bf7 Nd6 65. Bg8 Nb7 66.
Bf7 Nc5+ 67. Ka3 Kb5 68. Bg8 Nb7 69. Bd5 Nd6 70. Be6 Kb6 71. Ka4 Nb7 72. Bf7
1/2-1/2

[Event "26th WSCC 2016 Open 65+"]
[Site "Marianske Lazne, Czech Republic - Hotel Cristal and Continental"]
[Date "2016.11.27"]
[Round "8.73"]
[White "Sevenyuk, Alexey"]
[Black "Gerhard, Walter"]
[Result "0-1"]
[WhiteElo "1877"]
[BlackElo "2014"]
[PlyCount "88"]
[EventDate "2016.11.19"]

1. e4 c5 2. Nf3 Nf6 3. Nc3 Nc6 4. d4 d5 5. exd5 Nxd5 6. Nxd5 Qxd5 7. Be3 cxd4
8. Nxd4 a6 9. Nxc6 Qxc6 10. Qd2 e5 11. O-O-O Be7 12. h4 Be6 13. Qa5 O-O 14. f3
b5 15. Bd3 f5 16. Bg5 Bc5 17. Rde1 Bb6 18. Qb4 Qd5 19. b3 Rfc8 20. Kb1 Bd4 21.
c4 Qd7 22. Kc1 e4 23. Be2 exf3 24. gxf3 f4 25. Rd1 Bf5 26. Bd3 Bxd3 27. Rxd3
Qf5 28. Kc2 bxc4 29. bxc4 Rcb8 30. Qa3 Bb2 31. Qd6 Bc1 32. Kxc1 Rc8 33. Rd4 Qa5
34. Qe6+ Kh8 35. Rxf4 Qc3+ 36. Kd1 Qa1+ 37. Kd2 Qxa2+ 38. Ke3 Re8 39. Be7 h6
40. Qf7 Qb3+ 41. Kd2 Qb2+ 42. Kd3 Qb7 43. Re4 Qd7+ 44. Rd4 Qxe7 0-1

[Event "26th WSCC 2016 Open 65+"]
[Site "Marianske Lazne, Czech Republic - Hotel Cristal and Continental"]
[Date "2016.11.27"]
[Round "8.75"]
[White "Kratschmer, Heinz"]
[Black "Simkin, Alexander"]
[Result "1-0"]
[WhiteElo "2008"]
[BlackElo "1782"]
[PlyCount "65"]
[EventDate "2016.11.19"]

1. d4 g6 2. e4 Bg7 3. Nf3 d6 4. Be2 Nd7 5. O-O a6 6. Re1 b5 7. a4 Rb8 8. axb5
axb5 9. Na3 c6 10. c3 Ngf6 11. e5 dxe5 12. dxe5 Ng4 13. e6 fxe6 14. Ng5 Ndf6
15. Bxg4 Nxg4 16. Qxg4 e5 17. Qf3 Bf6 18. Qxc6+ Bd7 19. Qd5 e6 20. Nxe6 Qb6 21.
Nc5 Bf5 22. Be3 Rd8 23. Qb3 Qc6 24. Qxb5 Qxb5 25. Nxb5 O-O 26. b4 Rb8 27. Nd6
e4 28. Ndxe4 Be5 29. Red1 Rf7 30. Bd4 Re7 31. Bxe5 Rxe5 32. f3 Rc8 33. Nd6 1-0

[Event "26th WSCC 2016 Open 65+"]
[Site "Marianske Lazne, Czech Republic - Hotel Cristal and Continental"]
[Date "2016.11.27"]
[Round "8.76"]
[White "Andreas, Guenter"]
[Black "Pokora, Lubomir"]
[Result "1/2-1/2"]
[WhiteElo "2006"]
[BlackElo "1895"]
[PlyCount "50"]
[EventDate "2016.11.19"]

1. e4 d5 2. exd5 Nf6 3. d4 Nxd5 4. Nf3 g6 5. Bc4 Bg7 6. O-O O-O 7. Bb3 h6 8. c4
Nf6 9. Nc3 Nc6 10. h3 Na5 11. Bf4 Nxb3 12. axb3 c6 13. Re1 g5 14. Be5 Bf5 15.
b4 Nd7 16. Bxg7 Kxg7 17. Ra5 e6 18. Qa1 a6 19. Ne4 Bxe4 20. Rxe4 Re8 21. b3 f6
22. Qe1 Nf8 23. Ra2 Qd7 24. Rae2 Rad8 25. g4 Qf7 1/2-1/2

[Event "26th WSCC 2016 Open 65+"]
[Site "Marianske Lazne, Czech Republic - Hotel Cristal and Continental"]
[Date "2016.11.27"]
[Round "8.77"]
[White "Slechta, Karel"]
[Black "Hund, Gerhard"]
[Result "1/2-1/2"]
[WhiteElo "1872"]
[BlackElo "2005"]
[PlyCount "47"]
[EventDate "2016.11.19"]

1. e4 c5 2. Nf3 d6 3. d4 cxd4 4. Nxd4 Nf6 5. Nc3 e5 6. Ndb5 a6 7. Na3 Qc7 8.
Bc4 Be6 9. Nd5 Nxd5 10. Bxd5 Bxd5 11. Qxd5 Qc6 12. Qd3 Nd7 13. f3 Be7 14. Be3
Rd8 15. c4 O-O 16. Nc2 Nc5 17. Qd2 b5 18. Nb4 Qb7 19. cxb5 axb5 20. O-O Ra8 21.
Rfd1 Rfd8 22. Qf2 Ne6 23. Nd5 Bg5 24. Bxg5 1/2-1/2

[Event "26th WSCC 2016 Open 65+"]
[Site "Marianske Lazne, Czech Republic - Hotel Cristal and Continental"]
[Date "2016.11.27"]
[Round "8.78"]
[White "Degtiarev, Viktor"]
[Black "Ramusch, Arnulf"]
[Result "1/2-1/2"]
[WhiteElo "1823"]
[BlackElo "2001"]
[PlyCount "58"]
[EventDate "2016.11.19"]

1. e4 c5 2. Nf3 e6 3. d4 cxd4 4. Nxd4 a6 5. Nc3 b5 6. a3 Bb7 7. Be3 Qc7 8. Qd2
Nf6 9. f3 Nc6 10. Be2 Be7 11. Rd1 O-O 12. O-O Ne5 13. Bf4 d6 14. Ra1 Rac8 15.
Bxb5 axb5 16. Ndxb5 Qa5 17. Nxd6 Bxd6 18. Qxd6 Nc4 19. Qe7 Nxb2 20. Qxb7 Qxc3
21. Rab1 Nc4 22. Rb3 Qxc2 23. Rc1 Qe2 24. Kh1 Rcd8 25. Rbb1 Nxa3 26. Rb3 Nh5
27. Be3 Rd1+ 28. Rxd1 Qxd1+ 29. Bg1 Ng3+ 1/2-1/2

[Event "26th WSCC 2016 Open 65+"]
[Site "Marianske Lazne, Czech Republic - Hotel Cristal and Continental"]
[Date "2016.11.27"]
[Round "8.80"]
[White "Gudashvili, Gavazi"]
[Black "Just, Pavel"]
[Result "1/2-1/2"]
[WhiteElo "1617"]
[BlackElo "1996"]
[PlyCount "88"]
[EventDate "2016.11.19"]

1. e4 e5 2. Nf3 Nc6 3. Bc4 Nf6 4. O-O Bc5 5. Nc3 O-O 6. d3 h6 7. Be3 Bb6 8.
Bxb6 axb6 9. a3 d6 10. h3 Be6 11. Bb5 Ne7 12. Re1 c5 13. Ne2 Ng6 14. c3 Qc7 15.
Qd2 Rad8 16. Ng3 Qc8 17. Kh2 Nf4 18. Ng1 g5 19. d4 Qc7 20. Rad1 Kh7 21. dxe5
dxe5 22. Qc2 Ng8 23. Rxd8 Rxd8 24. Rd1 Ne7 25. Rxd8 Qxd8 26. N1e2 Neg6 27. Nf5
Nxe2 28. Qxe2 Nf4 29. Qc2 Ng6 30. g3 Ne7 31. Nxe7 Qxe7 32. Qd3 Kg7 33. Bc4 Qd7
34. Qxd7 Bxd7 35. Bd5 Bc8 36. c4 Kf6 37. g4 Ke7 38. f3 f6 39. Kg2 Kd6 40. Kf2
Ke7 41. Ke2 Bd7 42. b4 Be8 43. Kd3 Bd7 44. Ke3 Be8 1/2-1/2

[Event "26th WSCC 2016 Open 65+"]
[Site "Marianske Lazne, Czech Republic - Hotel Cristal and Continental"]
[Date "2016.11.27"]
[Round "8.81"]
[White "Horyna, Josef"]
[Black "Mojzis, Jaroslav"]
[Result "0-1"]
[WhiteElo "1746"]
[BlackElo "2116"]
[PlyCount "60"]
[EventDate "2016.11.19"]

1. d4 Nf6 2. Nf3 e6 3. Bf4 c5 4. e3 Be7 5. c3 O-O 6. Bd3 cxd4 7. exd4 d6 8. O-O
b6 9. Qc2 Bb7 10. Nbd2 Nbd7 11. Rad1 Qc7 12. Rfe1 Rfe8 13. Bf1 a6 14. a4 Bc6
15. c4 Qb7 16. b3 Bf8 17. Bg3 h6 18. Qb1 Rec8 19. d5 exd5 20. Nd4 dxc4 21. Nxc6
Qxc6 22. Nxc4 d5 23. Ne5 Nxe5 24. Bxe5 Ne4 25. Bd4 Bc5 26. Qd3 Bxd4 27. Qxd4
Nf6 28. Rc1 Qxc1 29. Rxc1 Rxc1 30. Qxb6 Re8 0-1

[Event "26th WSCC 2016 Open 65+"]
[Site "Marianske Lazne, Czech Republic - Hotel Cristal and Continental"]
[Date "2016.11.27"]
[Round "8.82"]
[White "Hjertenes, Oystein"]
[Black "Patola, Eero"]
[Result "1/2-1/2"]
[WhiteElo "2060"]
[BlackElo "1862"]
[PlyCount "32"]
[EventDate "2016.11.19"]

1. Nf3 Nf6 2. c4 c5 3. g3 g6 4. Bg2 Bg7 5. Nc3 Nc6 6. O-O O-O 7. d3 d6 8. h3 h6
9. Bd2 Rb8 10. Rb1 a6 11. Ne1 Be6 12. Nc2 d5 13. cxd5 Nxd5 14. Nxd5 Bxd5 15.
Bxd5 Qxd5 16. b3 Rbd8 $11 1/2-1/2

[Event "26th WSCC 2016 Open 65+"]
[Site "Marianske Lazne, Czech Republic - Hotel Cristal and Continental"]
[Date "2016.11.27"]
[Round "8.83"]
[White "Dubinsky, Alexander"]
[Black "Schmieder, Siegfried"]
[Result "0-1"]
[WhiteElo "1858"]
[BlackElo "2052"]
[PlyCount "70"]
[EventDate "2016.11.19"]

1. f4 g6 2. Nf3 Bg7 3. e4 Nf6 4. e5 Nd5 5. d4 c5 6. c4 Nc7 7. d5 O-O 8. Bd3 d6
9. Nc3 Bg4 10. Be3 Nd7 11. exd6 exd6 12. O-O Re8 13. Qd2 Nf6 14. h3 Bxf3 15.
Rxf3 b5 16. Kh1 bxc4 17. Bxc4 Ne4 18. Qd3 f5 19. Nd1 a6 20. a4 Qf6 21. Rb1 Reb8
22. Rc1 Re8 23. Rc2 a5 24. Kh2 Reb8 25. Nc3 Qe7 26. Re2 Kf8 27. Rf1 Nxc3 28.
bxc3 Qf6 29. Bd2 Re8 30. Rfe1 Rxe2 31. Rxe2 Re8 32. Rxe8+ Nxe8 33. Bb5 Qe7 34.
Qe2 Bf6 35. Qd3 Qc7 {time} 0-1

[Event "26th WSCC 2016 Open 65+"]
[Site "Marianske Lazne, Czech Republic - Hotel Cristal and Continental"]
[Date "2016.11.27"]
[Round "8.84"]
[White "Ingham, William"]
[Black "Myall, Ivan J"]
[Result "1/2-1/2"]
[WhiteElo "1814"]
[BlackElo "2042"]
[PlyCount "43"]
[EventDate "2016.11.19"]

1. d4 d5 2. Nf3 c6 3. e3 Nf6 4. c4 e6 5. Nbd2 Nbd7 6. Bd3 Bd6 7. O-O O-O 8. b3
e5 9. cxd5 cxd5 10. dxe5 Nxe5 11. Nxe5 Bxe5 12. Rb1 Bg4 13. f3 Bh5 14. Bb2 Qb6
15. Re1 Bxb2 16. Rxb2 Rfe8 17. Nf1 d4 18. Kh1 dxe3 19. Rbe2 Nd5 20. Bxh7+ Kxh7
21. Qxd5 Bg6 22. Rxe3 1/2-1/2

[Event "26th WSCC 2016 Open 65+"]
[Site "Marianske Lazne, Czech Republic - Hotel Cristal and Continental"]
[Date "2016.11.27"]
[Round "8.85"]
[White "Kolek, Josef"]
[Black "Reynolds, D Ian W"]
[Result "0-1"]
[WhiteElo "1801"]
[BlackElo "2040"]
[PlyCount "92"]
[EventDate "2016.11.19"]

1. e4 e5 2. Nf3 Nc6 3. Bb5 a6 4. Ba4 Nf6 5. Bxc6 dxc6 6. d3 Nd7 7. Nbd2 Bc5 8.
Nf1 f6 9. Be3 Qe7 10. Qd2 Nf8 11. h3 Be6 12. a3 O-O-O 13. Qa5 Nd7 14. Qd2 Bb6
15. Ng3 Qf7 16. O-O g6 17. Bxb6 cxb6 18. b4 h6 19. Nh4 Nf8 20. Qe3 Kc7 21. a4
Qe7 22. Rfb1 Bc8 23. Nf3 Ne6 24. Ne2 Qd6 25. Rb3 g5 26. c4 Nf4 27. Nxf4 gxf4
28. Qe2 Rhg8 29. Kh2 Qe7 30. Rg1 Qe6 31. Rbb1 Rg7 32. Nh4 Qd6 33. Rb3 Rdg8 34.
g4 h5 35. f3 hxg4 36. fxg4 Rh7 37. Nf5 Bxf5 38. exf5 Rgh8 39. d4 e4 40. c5 Qxd4
41. Rd1 Qe5 42. Kg1 f3 43. cxb6+ Kc8 44. Qc4 Qg3+ 45. Kf1 Qxh3+ 46. Ke1 Qh1+
0-1

[Event "26th WSCC 2016 Open 65+"]
[Site "Marianske Lazne, Czech Republic - Hotel Cristal and Continental"]
[Date "2016.11.27"]
[Round "8.86"]
[White "Bondar, Leonid"]
[Black "Maman, Emanuel"]
[Result "1/2-1/2"]
[WhiteElo "2019"]
[BlackElo "1800"]
[PlyCount "26"]
[EventDate "2016.11.19"]

1. e4 e5 2. Nf3 d6 3. d4 exd4 4. Nxd4 Nf6 5. Nc3 g6 6. Bg5 Bg7 7. Be2 Nc6 8.
Qd2 Be6 9. Bb5 Bd7 10. Nd5 a6 11. Bxc6 bxc6 12. Nxf6+ Bxf6 13. Bxf6 Qxf6 $11
1/2-1/2

[Event "26th WSCC 2016 Open 65+"]
[Site "Marianske Lazne, Czech Republic - Hotel Cristal and Continental"]
[Date "2016.11.27"]
[Round "8.87"]
[White "Racek, Jiri"]
[Black "Usselman, Paul"]
[Result "1-0"]
[WhiteElo "2018"]
[BlackElo "1798"]
[PlyCount "53"]
[EventDate "2016.11.19"]

1. d4 Nf6 2. Nf3 e6 3. Bg5 c5 4. e3 Qb6 5. Qc1 cxd4 6. exd4 Nc6 7. c3 Be7 8.
Bd3 d5 9. O-O h6 10. Bf4 Bd7 11. b4 Rc8 12. a3 Ne4 13. Ne5 Nxd4 14. Nxd7 Kxd7
15. Be3 Bg5 16. f4 Bf6 17. Bxe4 dxe4 18. Qd2 Ke7 19. Bxd4 Bxd4+ 20. Qxd4 Qxd4+
21. cxd4 Rc2 22. a4 Rhc8 23. Na3 Rd2 24. Rac1 Rxc1 25. Rxc1 Rxd4 26. Rc7+ Kd6
27. Nb5+ 1-0

[Event "26th WSCC 2016 Open 65+"]
[Site "Marianske Lazne, Czech Republic - Hotel Cristal and Continental"]
[Date "2016.11.27"]
[Round "8.88"]
[White "Goga, Frantisek"]
[Black "Lacha, Jan"]
[Result "1/2-1/2"]
[WhiteElo "2014"]
[BlackElo "1796"]
[PlyCount "89"]
[EventDate "2016.11.19"]

1. e4 d5 2. exd5 Qxd5 3. Nc3 Qd6 4. Nf3 Nf6 5. d4 a6 6. Bd3 Nc6 7. h3 Nb4 8.
O-O Nxd3 9. Qxd3 Be6 10. Ng5 O-O-O 11. Nxe6 Qxe6 12. Bf4 Nd5 13. Bh2 Nxc3 14.
bxc3 Qd7 15. Rab1 e6 16. Rb3 Bd6 17. Bxd6 Qxd6 18. Rfb1 b5 19. a4 c6 20. axb5
axb5 21. Qf3 Qd5 22. Qxf7 Rd7 23. Qf3 Qxf3 24. gxf3 Rf8 25. c4 Rxd4 26. cxb5
cxb5 27. Rxb5 Rxf3 28. Rb7 Rxh3 29. Rxg7 Rdh4 30. Rbb7 Rh1+ 31. Kg2 R1h2+ 32.
Kf1 Rf4 33. Rbc7+ Kb8 34. Rce7 Rhxf2+ 35. Ke1 Rf8 36. Rb7+ Ka8 37. Ra7+ Kb8 38.
Rgb7+ Kc8 39. Rxh7 Kb8 40. Rab7+ Ka8 41. c4 Ra2 42. c5 Rg8 43. Kf1 Rd8 44. Ke1
Rg8 45. Kf1 1/2-1/2

[Event "26th WSCC 2016 Open 65+"]
[Site "Marianske Lazne, Czech Republic - Hotel Cristal and Continental"]
[Date "2016.11.27"]
[Round "8.89"]
[White "Blaushtain, Boris"]
[Black "Bohman, Leif"]
[Result "1/2-1/2"]
[WhiteElo "1991"]
[BlackElo "1749"]
[PlyCount "68"]
[EventDate "2016.11.19"]

1. c4 e5 2. Nc3 Nf6 3. g3 c5 4. Bg2 Nc6 5. e3 d6 6. Nge2 a6 7. O-O Be7 8. d4
O-O 9. b3 Rb8 10. d5 Na7 11. a4 Bd7 12. Bb2 Qc7 13. e4 b5 14. cxb5 axb5 15. a5
b4 16. Na4 Qxa5 17. f4 Qc7 18. h3 Nb5 19. Rc1 Nd4 20. Nxd4 exd4 21. e5 Ne8 22.
Bxd4 Bxa4 23. bxa4 c4 24. Qc2 c3 25. Qb3 Qa5 26. Rf2 Nc7 27. f5 dxe5 28. Bxe5
Bc5 29. Kf1 Bxf2 30. Kxf2 Qc5+ 31. Kf1 Rfc8 32. Bf4 Rd8 33. d6 Na6 34. Bd5 Rd7
$11 1/2-1/2

[Event "26th WSCC 2016 Open 65+"]
[Site "Marianske Lazne, Czech Republic - Hotel Cristal and Continental"]
[Date "2016.11.27"]
[Round "8.90"]
[White "Hartlaub, Marianne"]
[Black "Brda, Vlastimil"]
[Result "1-0"]
[WhiteElo "1558"]
[BlackElo "1234"]
[PlyCount "106"]
[EventDate "2016.11.19"]

1. Nf3 c5 2. c4 g6 3. g3 Bg7 4. Bg2 Nf6 5. O-O O-O 6. d3 d6 7. Nbd2 Nbd7 8. h3
e5 9. b3 Re8 10. Bb2 Re7 11. Rc1 h6 12. Kh2 Rb8 13. Re1 Nf8 14. Ng1 N6h7 15.
Rc2 b5 16. cxb5 Rxb5 17. Qa1 Be6 18. Ne4 Bf5 19. Nc3 Rb8 20. Nd5 Re8 21. e4 Be6
22. f4 Bxd5 23. exd5 Nd7 24. Rce2 f6 25. Nf3 Qc7 26. Nh4 Nhf8 27. Rc1 Qa5 28.
Rf1 Rb4 29. Re4 Nb6 30. Rxb4 cxb4 31. Be4 Kh7 32. Qd1 Nxd5 33. Qf3 Nc3 34. Rc1
Nxe4 35. Qxe4 Qb6 36. Rc2 a5 37. d4 Qb8 38. d5 Qd8 39. Qc4 Qd7 40. Re2 f5 41.
Nf3 Rc8 42. Qa6 Rc5 43. fxe5 dxe5 44. Bxe5 Rxd5 45. Bxg7 Kxg7 46. Ne5 Qe8 47.
Nf3 Qd8 48. Kg2 Rd6 49. Qc4 Qa8 50. Re7+ Kh8 51. Qe2 Rf6 52. Qe5 Qc6 53. Rc7
Qe6 1-0

[Event "26th WSCC 2016 Open 65+"]
[Site "Marianske Lazne, Czech Republic - Hotel Cristal and Continental"]
[Date "2016.11.27"]
[Round "8.91"]
[White "Trojan, Lubos"]
[Black "Rychtecky, Pavel"]
[Result "1-0"]
[WhiteElo "1987"]
[BlackElo "1601"]
[PlyCount "68"]
[EventDate "2016.11.19"]

1. d4 Nf6 2. Nf3 e6 3. Bg5 d5 4. e3 Nbd7 5. Bd3 Be7 6. Nbd2 c5 7. c3 b6 8. O-O
Bb7 9. Qc2 h6 10. Bh4 O-O 11. a4 Qc7 12. Bg3 Bd6 13. Bxd6 Qxd6 14. Rfd1 a6 15.
Qb1 a5 16. Nf1 Qc7 17. Ng3 Rac8 18. Bb5 Bc6 19. Be2 Rb8 20. Qc2 Rfc8 21. Bb5
Bxb5 22. axb5 Rd8 23. Re1 Rbc8 24. h3 Re8 25. e4 e5 26. dxe5 Nxe5 27. Nxe5 Qxe5
28. Re3 d4 29. Re2 Rcd8 30. Rd1 dxc3 31. Rxd8 Rxd8 32. bxc3 g6 33. Nf1 c4 34.
Rd2 Qxb5 1-0

[Event "26th WSCC 2016 Open 65+"]
[Site "Marianske Lazne, Czech Republic - Hotel Cristal and Continental"]
[Date "2016.11.27"]
[Round "8.92"]
[White "Feco, Jan"]
[Black "Jorgensen, Arne Bjorn"]
[Result "0-1"]
[WhiteElo "1761"]
[BlackElo "1965"]
[PlyCount "110"]
[EventDate "2016.11.19"]

1. Nc3 Nf6 2. Nf3 d5 3. d4 Bf5 4. e3 e6 5. Bd3 Bxd3 6. Qxd3 c6 7. O-O Be7 8. e4
dxe4 9. Nxe4 Nbd7 10. Ng3 O-O 11. c4 h6 12. a3 a5 13. h3 Qb8 14. Re1 Rd8 15.
Qe2 b5 16. cxb5 cxb5 17. Be3 Nd5 18. Bd2 b4 19. a4 Rc8 20. Rec1 Qb7 21. Ne4
N7f6 22. Nc5 Bxc5 23. Rxc5 Rxc5 24. dxc5 Rc8 25. Qb5 Qa7 26. c6 Ne4 27. Be3
Nxe3 28. fxe3 Qxe3+ 29. Kh2 Qf4+ 30. Kg1 Qe3+ 31. Kh2 Qa7 32. Rd1 Qc7+ 33. Kg1
Nf6 34. Ne5 Nd5 35. Re1 f6 36. Nc4 Qg3 37. Re2 Nf4 38. Rd2 Nxh3+ 39. Kf1 Qf4+
40. Ke1 Ng5 41. Qb7 Rc7 42. Qa8+ Kh7 43. Nd6 Ne4 44. Nxe4 Qxe4+ 45. Kd1 Rxc6
46. Qxa5 Qg4+ 47. Re2 Qd4+ 48. Rd2 Qg1+ 49. Ke2 Qxg2+ 50. Ke3 Qg3+ 51. Ke2 Qg4+
52. Kf2 Rc1 53. Qb5 Qf4+ 54. Ke2 Qe4+ 55. Kf2 Qe1+ 0-1

[Event "26th WSCC 2016 Open 65+"]
[Site "Marianske Lazne, Czech Republic - Hotel Cristal and Continental"]
[Date "2016.11.27"]
[Round "8.93"]
[White "Londin, Milan"]
[Black "Taksrud, Vidar"]
[Result "0-1"]
[WhiteElo "1754"]
[BlackElo "1964"]
[PlyCount "94"]
[EventDate "2016.11.19"]

1. e4 Nc6 2. d4 d5 3. e5 Bf5 4. c3 e6 5. Bd3 Nge7 6. Nf3 Bxd3 7. Qxd3 Nf5 8.
Bf4 Be7 9. Qd2 h6 10. g4 Nh4 11. Nxh4 Bxh4 12. Bg3 Qg5 13. Qxg5 hxg5 14. Nd2
Bxg3 15. fxg3 Rh3 16. O-O Ke7 17. Rf3 f6 18. exf6+ gxf6 19. Raf1 Rah8 20. R1f2
R3h6 21. Re3 Kd6 22. Nf3 Rg8 23. Rfe2 Re8 24. h4 Nd8 25. hxg5 fxg5 26. Rh2 Rxh2
27. Kxh2 Nf7 28. Kg2 e5 29. dxe5+ Nxe5 30. Nxg5 Rg8 31. Nf3 Nxg4 32. Re1 Nf6
33. Nd4 Ne4 34. Re3 c5 35. Ne2 Ke5 36. Nf4 Rg4 37. Nd3+ Kd6 38. Nf2 Nxf2 39.
Kxf2 d4 40. cxd4 cxd4 41. Rb3 Rg7 42. Rf3 Rc7 43. Rb3 Ke5 44. Kf3 Rf7+ 45. Ke2
Ke4 46. a4 Rh7 47. Rf3 d3+ 0-1

[Event "26th WSCC 2016 Open 65+"]
[Site "Marianske Lazne, Czech Republic - Hotel Cristal and Continental"]
[Date "2016.11.27"]
[Round "8.94"]
[White "Kasik, Miroslav"]
[Black "Rucka, Alois"]
[Result "1/2-1/2"]
[WhiteElo "1779"]
[BlackElo "1953"]
[PlyCount "31"]
[EventDate "2016.11.19"]

1. e4 c5 2. Nf3 d6 3. d4 cxd4 4. Nxd4 Nf6 5. Nc3 a6 6. Be2 e5 7. Nb3 Be6 8. Be3
Nbd7 9. O-O Be7 10. f3 Rc8 11. Rc1 Qc7 12. Qe1 Nb6 13. Qf2 Nc4 14. Bxc4 Qxc4
15. Rfd1 Qc7 16. Bb6 $11 1/2-1/2

[Event "26th WSCC 2016 Open 65+"]
[Site "Marianske Lazne, Czech Republic - Hotel Cristal and Continental"]
[Date "2016.11.27"]
[Round "8.95"]
[White "Halla, Jiri"]
[Black "Mittelbach, Zdenek"]
[Result "1/2-1/2"]
[WhiteElo "1770"]
[BlackElo "1944"]
[PlyCount "66"]
[EventDate "2016.11.19"]

1. e4 d6 2. d4 e5 3. dxe5 dxe5 4. Qxd8+ Kxd8 5. Nf3 f6 6. Bc4 c6 7. Be3 Nd7 8.
Nbd2 Bc5 9. Bxc5 Nxc5 10. O-O-O Kc7 11. Rhe1 Ne7 12. Ng1 b5 13. Nb3 Nb7 14. Bd3
Be6 15. c3 Bxb3 16. axb3 a5 17. Kc2 Ng6 18. g3 Nf8 19. Bf1 Rd8 20. Bh3 Rxd1 21.
Rxd1 Nc5 22. f3 Nfe6 23. b4 axb4 24. cxb4 Nd4+ 25. Rxd4 exd4 26. bxc5 Ra8 27.
Ne2 Ra4 28. Kd3 Rb4 29. Nxd4 Rxb2 30. Ne6+ Kb7 31. Nd8+ Kc7 32. Ne6+ Kb7 33.
Bg4 g6 1/2-1/2

[Event "26th WSCC 2016 Open 65+"]
[Site "Marianske Lazne, Czech Republic - Hotel Cristal and Continental"]
[Date "2016.11.27"]
[Round "8.96"]
[White "Filzmaier, Bruno"]
[Black "Scharff, Klaus"]
[Result "0-1"]
[WhiteElo "1760"]
[BlackElo "1934"]
[PlyCount "90"]
[EventDate "2016.11.19"]

1. a3 e5 2. e3 f5 3. d4 e4 4. c4 Nf6 5. Nc3 Be7 6. Nh3 O-O 7. Be2 c6 8. Qb3 Kh8
9. Bd2 a6 10. Rc1 b5 11. d5 d6 12. dxc6 Nxc6 13. cxb5 axb5 14. Nxb5 Ne5 15. Nd4
Bd7 16. Nf4 Qb8 17. Qxb8 Rfxb8 18. Bb4 g5 19. Nfe6 Nd5 20. O-O Rc8 21. Bd2 Kg8
22. Bb5 Bxb5 23. Nxb5 Nd3 24. Rxc8+ Rxc8 25. b3 Rc2 26. Ba5 f4 27. Nbd4 Ra2 28.
Nf5 h6 29. Nxh6+ Kh7 30. Nf5 Kg6 31. Nxe7+ Nxe7 32. a4 Nd5 33. Bd8 fxe3 34.
fxe3 Nxe3 35. Rf6+ Kh5 36. Ng7+ Kg4 37. h3+ Kg3 38. Nf5+ Nxf5 39. Rxf5 Ra1+ 40.
Rf1 Ra2 41. Bb6 Rxg2+ 42. Kh1 Kxh3 43. Be3 Ne5 44. Bg1 Nf3 45. Rc1 Nxg1 0-1

[Event "26th WSCC 2016 Open 65+"]
[Site "Marianske Lazne, Czech Republic - Hotel Cristal and Continental"]
[Date "2016.11.27"]
[Round "8.97"]
[White "Baumann, Hanspeter"]
[Black "Svec, Ludek"]
[Result "1/2-1/2"]
[WhiteElo "1911"]
[BlackElo "1702"]
[PlyCount "49"]
[EventDate "2016.11.19"]

{Waiting for moves from server...} 1. e4 c5 2. Nf3 e6 3. d4 cxd4 4. Nxd4 Nf6 5.
Bd3 Nc6 6. Nxc6 bxc6 7. O-O e5 8. Nd2 Bc5 9. Nc4 Qe7 10. Bg5 O-O 11. Qf3 h6 12.
Bh4 d6 13. Bxf6 Qxf6 14. Qxf6 gxf6 15. c3 d5 16. Nd2 Be6 17. b3 a5 18. Bc2 Rfd8
19. Rad1 Bb6 20. h3 d4 21. cxd4 exd4 22. Bd3 a4 23. Nc4 Bxc4 24. Bxc4 axb3 25.
axb3 1/2-1/2